Violencias sociales

Збережено в:
Бібліографічні деталі
Автори: Corsi, Jorge (Автор), Peyrú, Graciela María (Автор)
Формат: Книга
Мова:Іспанська
Опубліковано: Barcelona Ariel 2003
Серія:Estudios sobre Violencia, 8
Предмети:
Теги: Додати тег
Немає тегів, Будьте першим, хто поставить тег для цього запису!

MARC

LEADER 00000nam a2200000 a 4500
001 UCL4545
003 CL-VaPUC
008 040116e20030000SP |||||||||||||||||spa|d
020 |a 8434474743 
082 0 4 |a 303.6  |b COR  |2 21 
100 0 |a Corsi, Jorge  |e author  |9 482110 
700 0 |a Peyrú, Graciela María  |e author  |9 482111 
245 1 0 |a Violencias sociales 
300 |a 255 p 
942 |c BK 
945 |d 20040116 00:00:00  |a cmena 
260 |a Barcelona  |b Ariel  |c 2003 
650 0 |a Violencia social  |9 399777 
650 0 |a Problemas sociales  |9 258537 
650 0 |a Medios de comunicación  |9 257206 
583 |a last modification  |c 20040116 00:00:00  |k Rodrigo Vera 
490 0 |a Estudios sobre Violencia, 8 
999 |c 307367  |d 307365 
952 |0 0  |1 0  |4 0  |6 303_600000000000000_COR_2003  |7 0  |8 A  |9 373294  |a BIBEDU  |b BIBEDU  |d 2019-11-21  |i 3978842  |o 303.6 COR 2003  |p 3978842  |r 2019-11-21  |w 2019-11-21  |y BK  |k PSI